Library of the University of Algiers 3
Ibrahim Sultan Cheibout
شعار جامعة الجزائر 3
مكتبة جامعة الجزائر 3
إبراهيم سلطان شيبوط

القانون التجاري / (رقم التسجيلة. 45676)

تفاصيل مارك
000 -LEADER
fixed length control field 01448nam a2200217Ia 4500
003 - CONTROL NUMBER IDENTIFIER
control field Ost
005 - DATE AND TIME OF LATEST TRANSACTION
control field 20260507075655.0
008 - FIXED-LENGTH DATA ELEMENTS--GENERAL INFORMATION
fixed length control field 260507s9999||||xx |||||||||||||| ||und||
020 ## - INTERNATIONAL STANDARD BOOK NUMBER
International Standard Book Number 9957330055
040 ## - CATALOGING SOURCE
Transcribing agency fsecg
041 ## - LANGUAGE CODE
Language code of text/sound track or separate title ara
082 ## - DEWEY DECIMAL CLASSIFICATION NUMBER
Classification number 346.07
100 ## - MAIN ENTRY--PERSONAL NAME
Personal name اسماعيل، محمد حسين
Relator term مؤلف
245 #0 - TITLE STATEMENT
Title القانون التجاري /
Statement of responsibility, etc. محمد حسين اسماعيل
260 ## - PUBLICATION, DISTRIBUTION, ETC.
Place of publication, distribution, etc. عمان:
Name of publisher, distributor, etc. مؤسسة الوراق,
Date of publication, distribution, etc. 2003
300 ## - PHYSICAL DESCRIPTION
Extent 369 صفحة؛
Other physical details إيضاحات ؛
Dimensions 24 سم
520 ## - SUMMARY, ETC.
Summary, etc. الأعمال التجارية والتجار: عموميات، معايير تمييز الأعمال التجارية، النظام القانوني للأعمال التجارية، الأعمال التجارية بالتبعية، الأعمال التجارية المخلطة، التاجر والتزاماته، صفة التاجر، الالتزام بمسك الدفاتر التجارية، القيد في السجل التجاري المحل التجاري والعقود التجارية: المحل التجاري، دعوى المنافسة غير المشروة، بيع المحل التجاري، رهن المحل التجاري، العقود التجارية، الرهن التجاري، عقد نقل البضائع، الوكالة بالعمولة، عقد السمسرة.
653 ## - INDEX TERM--UNCONTROLLED
Uncontrolled term الأعمال التجارية
653 ## - INDEX TERM--UNCONTROLLED
Uncontrolled term القانون التجاري
942 ## - ADDED ENTRY ELEMENTS (KOHA)
Koha item type كتب

لا توجد مواد متاحة.

موارد الويب المفتوحة


© University of Algiers 3 All Rights Reserved
|
Implemented by LECHELAH Riad